Znani ludzie według inicjałów - epizod bonusowy - Statystyki

Ogólne statystyki
  • Ten quiz został rozwiązany 196 razy
  • Średni wynik to 24 z 45
Statystyki odpowiedzi
Inicjały Kim jest ta osoba? Odpowiedź % Poprawnych
AM Polski pisarz, twórca m.in. "Dziadów", "Ody do młodości" czy "Konrada Wallenroda" Adam Mickiewicz
96%
CP Polski aktor, znany z ról w filmach takich jak "E=mc^2", "Kariera Nikosia Dyzmy" czy "Kiler" Cezary Pazura
90%
MJ Amerykański muzyk, znany jako "Król Popu", znany z piosenek "Billie Jean" czy "Bad" Michael Jackson
88%
MK Polski astronom, twórca heliocentryzmu Mikołaj Kopernik
87%
LV Włoski malarz i wynalazca epoki renesansu, twórca "Mony Lisy" i "Ostatniej Wieczerzy" Leonardo da Vinci
82%
R(N) Brazylijski piłkarz, dwukrotny mistrz świata, trzykrotny zdobywca Złotej Piłki (podaj imię) Ronaldo (Ronaldo Luís Nazário de Lima)
79%
QT Amerykański aktor i reżyser, odpowiedzialny m.in. za filmy "Kill Bill" czy "Pulp Fiction" Quentin Tarantino
75%
TS Polski dziennikarz, prowadzący program "Jeden z dziesięciu" Tadeusz Sznuk
73%
HF Amerykański inżynier, założyciel koncernu samochodowego nazwanego jego nazwiskiem Henry Ford
72%
PK Polski muzyk i polityk, znany z piosenek "Całuj mnie" czy "Bo tutaj jest jak jest", kandydat na Prezydenta RP w 2015 r. Paweł Kukiz
71%
KP Amerykańska piosenkarka, znana m.in. z piosenek "Dark Horse" czy "I Kissed A Girl" Katy Perry
70%
AF Szkocki piłkarz i trener, wieloletni trener Manchesteru United Sir Alex Ferguson
68%
GM Polski piosenkarz, wokalista zespołu Perfect Grzegorz Markowski
65%
OL Polski aktor i reżyser, odpowiedzialny m.in. za filmy "E=mc^2" czy "Chłopaki nie płaczą" Olaf Lubaszenko
64%
FT Włoski piłkarz, przez 25 lat zawodnik AS Romy Francesco Totti
63%
KS Polski piosenkarz, muzyk solowy i wokalista zespołu Kult (można podać imię) Kazik Staszewski
62%
GB Włoski piłkarz, wieloletni zawodnik Juventusu Gianluigi Buffon
61%
HS Brytyjski muzyk, wokalista zespołu One Direction Harry Styles
61%
JM Portugalski trener piłki nożnej, znany z pracy w Chelsea, Interze i Realu Madryt José Mourinho
61%
LT Rosyjski pisarz, twórca powieści takich jak "Wojna i pokój" czy "Anna Karenina" Lew Tołstoj
58%
SA Argentyński piłkarz, najlepszy strzelec w historii Manchesteru City Sergio Agüero
57%
EL Polska piosenkarka, znana z piosenek "W stronę słońca" i "Zrób to!" Ewelina Lisowska
55%
PM Włoski piłkarz, przez 25 lat zawodnik AC Milan Paolo Maldini
55%
VO Węgierski polityk, premier Węgier od 2010 r. Viktor Orbán
55%
ZC Polski dziennikarz, prowadzący teleturnieje "Idź na całość" czy "Grasz czy nie grasz" Zygmunt Chajzer
52%
SK Austriacki skoczek narciarski, dwukrotny mistrz świata, dwukrotny zwycięzca Pucharu Świata Stefan Kraft
51%
JB Niemiecki kompozytor epoki baroku, twórca arii i kantat, jeden z najwybitniejszych muzyków wszech czasów Johann Sebastian Bach
50%
RA Rosyjski przedsiębiorca i miliarder, inwestor na rynku gazu, od 2003 r. właściciel Chelsea Roman Abramowicz
49%
NK Amerykańska aktorka i piosenkarka, znana z ról w filmach "Portret damy" czy "Godziny" (za który otrzymała Oscara) Nicole Kidman
48%
OB Brytyjski aktor, znany z ról Legolasa we "Władcy Pierścieni" czy Willa Turnera w "Piratach z Karaibów" Orlando Bloom
48%
TC Amerykański aktor, znany z głównych ról w filmach "Mission: Impossible", "Wojna światów" czy "Ostatni samuraj" Tom Cruise
48%
ZS Polski przedsiębiorca, założyciel telewizji Polsat, jeden z najbogatszych ludzi w Polsce Zygmunt Solorz-Żak
42%
WS Amerykański aktor, znany z głównych ról w filmach "Hancock" czy "Ja, robot" Will Smith
39%
UE Hiszpański trener piłkarski, znany z pracy w Sevilli czy Arsenalu Unai Emery
36%
EM Włoski kompozytor, twórca ścieżek dźwiękowych m.in do filmów "Dobry, zły i brzydki" czy "Nienawistna ósemka" Ennio Morricone
34%
BM Brytyjski muzyk, współzałożyciel i gitarzysta zespołu Queen Brian May
32%
WA Białoruska tenisistka, dwukrotna zwyciężczyni Australian Open Wiktoria Azarenka
31%
FM Węgierski pisarz, twórca "Chłopców z Placu Broni" Ferenc Molnár
30%
CE Amerykański aktor, znany z rolii Kapitana Ameryki w serii Avengers Chris Evans
27%
NP Duński żużlowiec, trzykrotny mistrz świata Nicki Pedersen
24%
DG Amerykański muzyk, członek zespołu Nirvana, założyciel Foo Fighters Dave Grohl
19%
IM Brytyjski aktor, odtwórca roli Gandalfa w seriach "Władca Pierścieni" i "Hobbit" Ian McKellen
19%
BS Amerykańska piosenkarka, wydawczyni 36 albumów studyjnych Barbra Streisand
17%
IB Polski komentator sportowy, obecnie komentujący m.in. skoki narciarskie w Eurosporcie Igor Błachut
15%
DH Amerykański muzyk, wokalista zespołu The Offspring (można podać imię) Dexter Holland
5%
Nie znaleziono quizów pasujących do podanych kryteriów
Rozkład punktacji
Procent ludzi z każdym wynikiem
Percentyl według liczby udzielonych odpowiedzi
Twoja historia wyników
Nie rozwiązałeś tego quizu